Kadra reprezentacji Argentyny na Mistrzostwa Świata 2026 - Statystyki

Ogólne statystyki
  • Ten quiz został rozwiązany 17 razy
  • Średni wynik to 17 z 26
Statystyki odpowiedzi
Pozycja Klub Zawodnik % Poprawnych
Bramkarz Aston Villa Emiliano Martínez
100%
Napastnik Inter Lautaro Martínez
100%
Obrońca Manchester United Lisandro Martínez
100%
Napastnik Inter Miami Leo Messi
94%
Napastnik Atletico Madryt Julián Alvarez
88%
Pomocnik Chelsea Enzo Fernández
82%
Obrońca Tottenham Cristian Romero
76%
Obrońca Benfica Nicolás Otamendi
76%
Napastnik Atletico Madryt Giuliano Simeone
71%
Bramkarz Atletico Madryt Juan Musso
71%
Obrońca Atletico Madryt Nahuel Molina
71%
Pomocnik Como Nico Paz
71%
Pomocnik Inter Miami Rodrigo De Paul
71%
Pomocnik Liverpool Alexis Mac Allister
65%
Pomocnik Bayer Leverkusen Exequiel Palacios
65%
Obrońca Olympique Lyon Nicolás Tagliafico
59%
Bramkarz Olympique Marsylia Gerónimo Rulli
53%
Obrońca River Plate Gonzalo Montiel
53%
Pomocnik Boca Juniors Leandro Paredes
47%
Pomocnik Real Betis Lo Celso
47%
Pomocnik Atletico Madryt Thiago Almada
47%
Napastnik Atletico Madryt Nico González
41%
Obrońca Olympique Marsylia Leonardo Balerdi
35%
Napastnik Palmeiras José Manuel López
29%
Pomocnik Strasbourg Valentín Barco
24%
Obrońca Olympique Marsylia Facundo Medina
18%
Nie znaleziono quizów pasujących do podanych kryteriów
Rozkład punktacji
Procent ludzi z każdym wynikiem
Percentyl według liczby udzielonych odpowiedzi
Twoja historia wyników
Nie rozwiązałeś tego quizu